Central Library OPAC University of Rajshahi

Attributes and barriers to diffusion of the BAgEd distance education program of Bangladesh open University : (Record no. 83675)

MARC details
000 -LEADER
fixed length control field 01129nam a22002537a 4500
003 - CONTROL NUMBER IDENTIFIER
rucl marc code BD-RjUL
005 - DATE AND TIME OF LATEST TRANSACTION
control field 20250717100620.0
008 - FIXED-LENGTH DATA ELEMENTS--GENERAL INFORMATION
fixed length control field 250717s2023 bg a|||| m||| 00| 0 eng d
035 ## - SYSTEM CONTROL NUMBER
system control number (BD-RjUL)
040 ## - CATALOGING SOURCE
Original cataloging agency BD-RjUL
Language of cataloging eng
Transcribing agency BD-RjUL
Modifying agency BD-RjUL
041 ## - LANGUAGE CODE
Language code of Book eng
082 ## - DEWEY DECIMAL CLASSIFICATION NUMBER
DDC Edition number 23
Classification number 371.35095492
Author mark and Year ALA 2023
100 ## - MAIN ENTRY--PERSONAL NAME
Personal name Alam, Md. Jahangir
9 (RLIN) 12887
245 10 - TITLE STATEMENT
Title Attributes and barriers to diffusion of the BAgEd distance education program of Bangladesh open University :
Remainder of title learners' perspective /
Statement of responsibility, etc By Md. Jahangir Alam ;
Name of Supervisor/Co-Supervisor Supervisor : Md. Ruhul Amin ; Co-Supervisor : AKM Kanak Pervez
260 ## - PUBLICATION, DISTRIBUTION, ETC. (IMPRINT)
Place of publication, distribution, etc Rajshahi :
Name of publisher, distributor, etc Department of Agronomy and Agricultural Extension, University of Rajshahi,
Date of publication, distribution, etc 2023
300 ## - PHYSICAL DESCRIPTION
Pagination xxii, 135 leaves :
Other physical details ill, ;
Dimensions 29.cm.
502 ## - DISSERTATION NOTE
Dissertation note Thesis (Ph. D.) -- Department of Agronomy and Agricultural Extension, University of Rajshahi, 2023
504 ## - BIBLIOGRAPHY, ETC. NOTE
Bibliography, etc References : Leaves 142 - 157
650 ## - SUBJECT ADDED ENTRY--TOPICAL TERM
Topical term or geographic name as entry element Distance education.
9 (RLIN) 14331
Topical term or geographic name as entry element Distance education
Geographic subdivision Bangladesh
9 (RLIN) 16070
700 ## - ADDED ENTRY--SUPERVISOR/CO-SUPERVISOR NAME
Personal name Amin, Md. Ruhul ; Supervisor
9 (RLIN) 1236
Personal name Pervez, AKM Kanak ; Co-Supervisor
9 (RLIN) 16069
942 ## - ADDED ENTRY ELEMENTS (KOHA)
Source of classification or shelving scheme Dewey Decimal Classification
Koha item type Theses
Holdings
Source of classification or shelving scheme Damaged status Not for loan Collection code Permanent Location Current Location Shelving location Date of accession Source of acquisition Total Checkouts Full call number Barcode Date last seen Copy number Thesis
Dewey Decimal Classification   Not For Loan Theses Central Library, University of Rajshahi Central Library, University of Rajshahi Documentation Section 15/07/2025 Controller of Examination Office, University of Rajshahi, Rajshahi.   THE 371.35095492 ALA 2023 D5164 17/07/2025 C-1 Theses